Visualizzazione normale
Vista MARC
- Ronchi, Ermes Maria,
di Personal Name
Records bibliografici associati: 1
001 - CONTROL NUMBER
- control field: 57014
003 - CONTROL NUMBER IDENTIFIER
- control field:
005 - DATE AND TIME OF LATEST TRANSACTION
- control field: 20180505171451.0
008 - FIXED-LENGTH DATA ELEMENTS
- fixed length control field: 180505|| aca||aabn | a|a d
040 ## - CATALOGING SOURCE
- Original cataloging agency:
- Transcribing agency:
100 ## - HEADING--PERSONAL NAME
- Personal name: Ronchi, Ermes Maria,
- Titles and other words associated with a name: o.s.m.
670 ## - SOURCE DATA FOUND
- Source citation: Work cat.: ()0: Ronchi, Ermes Maria, o.s.m., Le nude domande del Vangelo : , ©2016.